Prehistoric annals of Scotland. By Daniel Wilson

में बचाया:
ग्रंथसूची विवरण
मुख्य लेखक: Wilson, Daniel (लेखक)
स्वरूप: पुस्तक
भाषा:अंग्रेज़ी
प्रकाशित: Londres Macmillan and Co. 1863
संस्करण:2a. ed
विषय:
टैग: टैग जोड़ें
कोई टैग नहीं, इस रिकॉर्ड को टैग करने वाले पहले व्यक्ति बनें!

MARC

LEADER 00000nam a2200000 a 4500
001 UCJ6884
003 CL-VaPUC
008 070124e18630000UK |||||||||||||||||eng|d
082 0 4 |a 942  |b WIL  |2 21 
100 0 |a Wilson, Daniel  |e author  |9 514383 
245 1 0 |a Prehistoric annals of Scotland. By Daniel Wilson 
250 |a 2a. ed 
300 |a 2 v 
942 |c BK 
945 |d 20070124 00:00:00  |a rinostro 
260 |a Londres  |b Macmillan and Co.  |c 1863 
500 |a 8§, tela, plancha dorada.- Anteport.- v.: marca de la tipografía.- Front.: círculos de menhires, grabado ( en vol. 2, adornos).- Port.- v.: impresor.- Ilustraciones conforme con lo señalado en índices 
650 0 |a Prehistoria  |9 316557 
650 0 |a Arqueología   |9 265619 
650 0 |a Arquitectura  |9 804558 
650 7 |a CATACUMBAS  |2 CL-VaPUC  |9 510925 
650 7 |a EDAD DE PIEDRA  |2 CL-VaPUC  |9 351856 
650 7 |a EDAD DEL BRONCE  |2 CL-VaPUC  |9 390695 
650 0 |a Armas   |9 318202 
650 7 |a UTENSILIOS  |2 CL-VaPUC  |9 437449 
650 0 |a Religión   |9 255164 
650 7 |a COSTUMBRES FUNERARIAS  |2 CL-VaPUC  |9 508517 
650 0 |a Ilustraciones  |9 369481 
650 0 |a Escritura  |9 264941 
650 7 |a MARCA TIPOGRAFICA  |2 CL-VaPUC  |9 506100 
651 7 |a ESCOCIA  |2 CL-VaPUC  |9 332669 
583 |a last modification  |c 20070124 00:00:00  |k Rodrigo Vera 
999 |c 322986  |d 322984 
952 |0 0  |1 0  |4 0  |6 942_000000000000000_WIL_1863  |7 0  |8 X  |9 402188  |a FDOBUD  |b FDOBUD  |d 2019-11-22  |h v.1  |i 1054422  |o 942 WIL 1863  |p 1054422  |r 2019-11-22  |w 2019-11-22  |y BK_X  |k BUD 
952 |0 0  |1 0  |4 0  |6 942_000000000000000_WIL_1863  |7 0  |8 X  |9 402189  |a FDOBUD  |b FDOBUD  |d 2019-11-22  |h v.2  |i 1054430  |o 942 WIL 1863  |p 1054430  |r 2019-11-22  |w 2019-11-22  |y BK_X  |k BUD